000 00286nam a22001337a 4500
008 171228b xxu||||| |||| 00| 0 eng d
020 _a9780971468603
041 _aeng
080 _a821
100 _a21
101 _aGJL
245 _aLOVER'S LEGENDS
_cCALIMACH, A
942 _2udc
_cBK
999 _c39557
_d39557